• 首页
  • 本馆介绍
  • 公告通知
  • 最新文献
  • 馆藏检索
  • 电子资源
  • 读者导购
  • 参考咨询
  • 我的图书馆
  • 登录
  • 详细信息显示
  • 放入我的书架
  • 预约/预借图书
  • 作者相关作品
  • 分类相关作品
  • 丛书相关作品
  • 出版社相关作品

书目信息

  • 表格格式
  • 工作单格式
  • 卡片格式
题名:
古生物学基础
    
 
作者: ;武汉地质学院古生物学教研室编
分册:  
出版信息: 北京   地质出版社  1983.10
页数: 191页
开本: 26cm
丛书名:
单 册:
中图分类: Q91
科图分类:
主题词: 古生物学
电子资源:
ISBN:
000 00672nam0 2200205 45
001 0405251035
005 20040525103304.4
010    @dCNY1.95
091    @a15038.教163
100    @a20040525d1983 km y0chiy0120 ea
101 0  @achi
105    @a z 000yy
200 1  @a古生物学基础@AGu Sheng Wu Xue Ji Chu@f武汉地质学院古生物学教研室编@FWu Han Di Zhi Xue Yuan Gu Sheng Wu Xue Jiao Yan Shi Bian
210    @a北京@c地质出版社@d1983.10
215    @a191页@d26cm
606 0  @a古生物学
690    @aQ91@v3
711 02 @a武汉地质学院古生物学教研室编@AWu Han Di Zhi Xue Yuan Gu Sheng Wu Xue Jiao Yan Shi Bian
801    @aCN@bPftUser@c20040525
905    @f2@b206958-959@dQ91@e10
    
    古生物学基础/武汉地质学院古生物学教研室编.-北京:地质出版社,1983.10
    191页;26cm
    
    
    ISBN :CNY1.95
    
●
相关链接 在E读中查询图书 在五车中查询图书 在当当中查询图书 在豆瓣中查询图书


正题名:古生物学基础     索取号:Q91/10         预约/预借

序号 登录号 条形码 馆藏地/架位号 状态 备注
1 0206958   000702369   第三借阅区/ [索取号:Q91/10] 在馆    
2 0206959   000702341   第三借阅区/ [索取号:Q91/10] 在馆    
3 0206960   202107683   第二样本阅览室/ [索取号:Q91/10] 在馆    
唐山师范学院图书馆 欢迎您!
大连网信软件有限公司© 版权所有